00927 a2200169 45000010006000000050017000060080041000230030015000640400040000790800092001192450076002110200018002872640051003053000019003565050365003751000017007405476520260407155823.0260407a1987 arg spa dAR-UNSa-BCEJYS aAR-UNSa-BCEJYSbspacAR-UNSa-BCEJYS a308xSociografía. Estudios descriptivos de la sociedad (cualitativos y cuantitativos)10aPsicoanálisis de la sociedad contemporáneaphacia una sociedad sana a968-16-0852-6 1aMéxico :bFondo de Cultura Económicac1987 a308 p.c21 cm. aI. ¿Estamos sanos? - II. ¿Puede estar enferma una sociedad?-Patología de la normalidad - III. La situación humana-La clave del psicoanálisis humanístico - IV. Salud mental y sociedad - V. El hombre en la sociedad capitalista - VI. Otros varios diagnósticos - VII. Soluciones diversas - VIII. Caminos hacia la salud mental - IX. Sumario-Conclusión1 aFromm, Erich